| 000 | 01101cam a22003137a 4500 | ||
|---|---|---|---|
| 001 | 5706 | ||
| 003 | FISKH | ||
| 005 | 20250115103745.0 | ||
| 008 | 100408s2011 nyua j 000 1 eng | ||
| 010 | _a 2010926431 | ||
| 020 | _a9780061885181 (pbk. bdg.) | ||
| 040 |
_aDLC _cDLC _beng _dDLC |
||
| 050 | _aPZ7.T2351 | ||
| 082 | _a488 | ||
| 100 | 1 | _aTeitelbaum, Michael. | |
| 245 | 1 | 0 |
_aSuperman versus Mongul / _cby Michael Teitelbaum ; pictures by MADA Design Inc. |
| 260 |
_aNew York : _bHarper, _c2011. |
||
| 300 |
_a32 pages : _bcolor illustrations ; _c23 cm |
||
| 490 | 0 |
_aI can read! _vReading with help 2 |
|
| 500 | _a"Superman created by Jerry Siegel and Joe Shuster." | ||
| 505 | _aG | ||
| 520 | _aAlien super-villain Mongul is on a mission to take over planet Earth. Can Superman defeat this madman without destroying Metropolis in the process? | ||
| 521 | 8 |
_a380
_bLexile estimate |
|
| 521 | 8 |
_aG
_bRaz-Plus |
|
| 650 |
_aSuperheroes _vBeginning Reader _xYoung Readers |
||
| 906 |
_a7 _bcbc _corignew _d4 _eepcn _f20 _gy-gencatlg |
||
| 942 |
_2ddc _cBK _n0 |
||
| 999 |
_c5706 _d5706 |
||